Po rozkvete solárnej energie jej pád

Solárne elektrárne. Princípy fotovoltaiky. Legislatíva Slovenskej republiky pri využívaní obnoviteľných zdrojov energie. Výhody a nevýhody využitia fotovoltaických článkov.

Na minha lista:
Detalhes bibliográficos
Autor principal: Kadlečík, Kristián
Formato: Capítulo de Livro
Idioma:eslovaco
Assuntos:
Tags: Adicionar Tag
Sem tags, seja o primeiro a adicionar uma tag!

MARC

LEADER 00000naa a2200000 4500
001 0150111
005 20241107133726.1
041 0 |a slo 
044 |a SK 
245 1 0 |a Po rozkvete solárnej energie jej pád  |c Kristián Kadlečík 
520 |a Solárne elektrárne. Princípy fotovoltaiky. Legislatíva Slovenskej republiky pri využívaní obnoviteľných zdrojov energie. Výhody a nevýhody využitia fotovoltaických článkov. 
610 2 0 |a zdroje energie 
610 2 0 |a zdroje energie obnoviteľné 
610 2 0 |a energia slnečná 
610 2 0 |a elektrárne 
610 2 0 |a legislatíva 
610 2 0 |a regulácia 
610 2 0 |a odvetvia sieťové 
610 2 0 |a investície 
610 2 0 |a elektrárne solárne 
610 2 0 |a Slovensko 
100 1 |a Kadlečík, Kristián